000 00620nam a22001817a 4500
005 20260227093147.0
008 260227b |||||||| |||| 00| 0 eng d
020 _a9814119903
082 _aDC 512.9 L61c 2002
100 _aLial, Margaret L., author.
_924541
245 _aCollege Algebra /
_cMargaret L. Lial, John Hornsby, and David I. Schneider.
260 _aBoston :
_bAddison Wesley,
_c©2002.
300 _avii, 705 pages :
_billustrations ;
_c25 cm.
500 _aIncludes appendices and index.
700 _aHornsby, John.
_969865
_eauthor.
700 _aSchneider, David I.
_939548
_eauthor.
942 _2ddc
_cDC
999 _c24372
_d24372